000 00209nam a2200097Ia 4500
008 230605s9999 xx 000 0 und d
041 _aeng
100 _aDisoza
245 _aShikshan vichar
650 _aG.SKILL
999 _c417459
_d417459